[Event "World Rapid 2022"]
[Site "Almaty KAZ"]
[Date "2022.12.28"]
[Round "11.51"]
[White "Ansat, Aldiyar"]
[Black "Sanal, Vahap"]
[Result "1-0"]
[WhiteTitle "IM"]
[BlackTitle "GM"]
[WhiteElo "2291"]
[BlackElo "2597"]
[WhiteFideId "13715658"]
[BlackFideId "6300545"]
[EventDate "2022.12.26"]

1. e4 e5 2. Nf3 Nc6 3. Bb5 a6 4. Ba4 Nf6 5. O-O Be7 6. Re1 b5 7. Bb3 O-O 8. a4
Bb7 9. d3 d6 10. Bd2 Qd7 11. Nc3 Nd8 12. axb5 axb5 13. Rxa8 Bxa8 14. d4 Nc6 15.
dxe5 Nxe5 16. Nd4 c5 17. Ndxb5 Nxe4 18. Bf4 Ng6 19. Nxe4 Nxf4 20. Nbxd6 Nxg2 21.
Nxf7 Qxd1 22. Rxd1 Nh4 23. Neg5 Bxg5 24. Nxg5+ Kh8 25. Nf7+ Kg8 26. Ng5+ Kh8 27.
Bd5 Bxd5 28. Rxd5 h6 29. Ne6 Re8 30. Rd8 Nf3+ 31. Kg2 Ne1+ 32. Kg3 Rxd8 33. Nxd8
Nxc2 34. Nb7 c4 35. Nd6 Kg8 36. Nxc4 Kf7 37. Kf4 Ke6 38. Ke4 Nb4 39. Ne5 Nd5 40.
Nd3 Nf6+ 41. Kd4 g5 42. b4 h5 43. b5 Kd6 44. Ne5 g4 45. Nc4+ Ke6 46. b6 Nd7 47.
b7 h4 48. Ke3 Kf5 49. Nd6+ Ke5 50. Ne4 Nb8 51. Nc3 Nc6 52. Ne2 Nb8 53. Nd4 Kd5
54. Nf5 g3 55. fxg3 hxg3 56. h4 Ke5 57. Nxg3 Nc6 58. h5 Nb8 59. h6 Kf6 60. Kd4
Kg6 61. Nf5 1-0

[Event "World Rapid 2022"]
[Site "Almaty KAZ"]
[Date "2022.12.28"]
[Round "11.52"]
[White "Fedorov, Alexei"]
[Black "Sapenov, Daniyal"]
[Result "0-1"]
[WhiteTitle "GM"]
[BlackTitle "FM"]
[WhiteElo "2475"]
[BlackElo "2323"]
[WhiteFideId "13500465"]
[BlackFideId "13728911"]
[EventDate "2022.12.26"]

1. e4 e5 2. Nf3 Nc6 3. Bc4 Nf6 4. d3 Be7 5. O-O O-O 6. Re1 d6 7. a3 Be6 8. Nbd2
h6 9. c3 Qd7 10. Bxe6 fxe6 11. d4 exd4 12. cxd4 Rae8 13. b4 d5 14. e5 Nh7 15.
Nb3 Rf5 16. Re3 Ref8 17. Rc3 Nd8 18. Bd2 Ng5 19. Bxg5 Bxg5 20. Ra2 c6 21. Rac2
Qf7 22. h3 Qg6 23. Qd3 Qe8 24. Qe2 a6 25. g3 Be7 26. Nbd2 Nf7 27. h4 g5 28. hxg5
Nxg5 29. Nxg5 Rxf2 30. Qxf2 Rxf2 31. Kxf2 Bxg5 32. Nf3 Be7 33. Rb2 Qg6 34. a4
Qe4 35. b5 axb5 36. axb5 c5 37. dxc5 d4 38. Re2 Qd5 39. Rd3 Bxc5 40. Nd2 b6 41.
Ne4 Qxe5 42. Kg2 Qd5 43. Rf3 Be7 44. Nf2 Bg5 45. Re4 Kg7 46. Kh3 h5 47. g4 h4
48. Kg2 Be3 0-1

[Event "World Rapid 2022"]
[Site "Almaty KAZ"]
[Date "2022.12.28"]
[Round "11.53"]
[White "Moussard, Jules"]
[Black "Sankalp, Gupta"]
[Result "1-0"]
[WhiteTitle "GM"]
[BlackTitle "GM"]
[WhiteElo "2684"]
[BlackElo "2485"]
[WhiteFideId "642908"]
[BlackFideId "5097010"]
[EventDate "2022.12.26"]

1. c4 e5 2. d3 Nc6 3. Nf3 f5 4. g3 Nf6 5. Bg2 Bb4+ 6. Bd2 a5 7. O-O O-O 8. Nc3
Bxc3 9. Bxc3 d6 10. c5 Qe8 11. cxd6 cxd6 12. Qb3+ d5 13. a4 Kh8 14. e3 Qh5 15.
Bxe5 Ng4 16. Bc3 d4 17. exd4 f4 18. d5 Ne7 19. d6 Nf5 20. Qb5 fxg3 21. fxg3 Nge3
22. Nh4 Nxf1 23. Rxf1 Be6 24. Qe5 Rf6 25. Nxf5 Bxf5 26. d7 Raf8 27. Qe7 Bxd7 28.
Qxf8+ 1-0

[Event "World Rapid 2022"]
[Site "Almaty KAZ"]
[Date "2022.12.28"]
[Round "11.54"]
[White "Brunello, Sabino"]
[Black "Svane, Frederik"]
[Result "1/2-1/2"]
[WhiteTitle "GM"]
[BlackTitle "GM"]
[WhiteElo "2519"]
[BlackElo "2568"]
[WhiteFideId "813613"]
[BlackFideId "12923044"]
[EventDate "2022.12.26"]

1. d4 d5 2. c4 e6 3. Nf3 Nf6 4. Nc3 Nbd7 5. Bg5 Be7 6. e3 O-O 7. Rc1 c6 8. Bd3
dxc4 9. Bxc4 b5 10. Bd3 a6 11. Ne5 Nxe5 12. dxe5 Nd7 13. Bxe7 Qxe7 14. f4 Bb7
15. O-O Rad8 16. Qc2 f5 17. exf6 Nxf6 18. Ne4 Nd5 19. Qe2 e5 20. f5 Bc8 21. Nc5
Nf6 22. e4 Rd4 23. Nb3 Rd6 24. Qe3 Rfd8 25. Be2 Bd7 26. Rfd1 Be8 27. Rxd6 Rxd6
28. Rd1 Bf7 29. Nc5 Rxd1+ 30. Bxd1 Qa7 31. b4 Bxa2 32. Qd2 Bc4 33. Qd6 Nxe4 34.
Qxc6 Nf6 35. g4 h6 36. h4 Qe7 37. Bf3 Qd8 38. Ne6 Bxe6 39. Qxe6+ Kh8 40. Qxe5
Qd2 41. Qg3 Qe3+ 42. Kh2 Ne4 43. Bxe4 Qxe4 44. Kh3 Qh1+ 45. Qh2 Qf3+ 46. Qg3
Qh1+ 47. Qh2 Qf3+ 48. Qg3 Qh1+ 49. Qh2 Qf1+ 50. Qg2 Qd3+ 51. Qg3 Qe4 52. Qd6
Qf3+ 53. Qg3 Qf1+ 54. Qg2 Qb1 55. Qa8+ Kh7 56. Qxa6 Qd3+ 57. Kg2 Qe2+ 58. Kg3 1/2-1/2

[Event "World Rapid 2022"]
[Site "Almaty KAZ"]
[Date "2022.12.28"]
[Round "11.55"]
[White "Savchenko, Boris"]
[Black "Bilguun, Sumiya"]
[Result "1-0"]
[WhiteTitle "GM"]
[BlackTitle "GM"]
[WhiteElo "2552"]
[BlackElo "2474"]
[WhiteFideId "4147332"]
[BlackFideId "4901541"]
[EventDate "2022.12.26"]

1. d4 d5 2. Nc3 Nf6 3. Bf4 g6 4. e3 Bg7 5. h4 c6 6. h5 Nxh5 7. Rxh5 gxh5 8. Qxh5
Nd7 9. Qh2 e5 10. dxe5 Nc5 11. Qh5 Be6 12. Nf3 Qb6 13. O-O-O O-O-O 14. Nd4 Kb8
15. Bg5 Rde8 16. f4 Ka8 17. a3 Qc7 18. b4 Nd7 19. f5 Bxe5 20. fxe6 fxe6 21. Qf7
Qd6 22. Kb2 h6 23. Bf4 Bxf4 24. Qxf4 e5 25. Qh2 Rhf8 26. e4 Nb6 27. Bd3 dxe4 28.
Be2 Qf6 29. Nb3 Qf2 30. Nc5 Nd5 31. N5xe4 Qe3 32. Rd3 Qf4 33. g3 Qf5 34. Nd6 Qg6
35. Nxd5 cxd5 36. Nxe8 Qxe8 37. Rxd5 Qc6 38. Qh1 a6 39. Bxa6 Rc8 40. Bd3 Qc3+
41. Ka2 Rf8 42. Rb5 Rf7 43. Qd5 Rc7 44. Rxb7 Rxb7 45. Be4 1-0

[Event "World Rapid 2022"]
[Site "Almaty KAZ"]
[Date "2022.12.28"]
[Round "11.56"]
[White "Harsha, Bharathakoti"]
[Black "Dragnev, Valentin"]
[Result "0-1"]
[WhiteTitle "GM"]
[BlackTitle "GM"]
[WhiteElo "2593"]
[BlackElo "2556"]
[WhiteFideId "5078776"]
[BlackFideId "1634852"]
[EventDate "2022.12.26"]

1. c4 Nf6 2. Nc3 c5 3. Nf3 e6 4. d4 cxd4 5. Nxd4 d5 6. Bf4 Nbd7 7. Nf3 Bb4 8.
Qb3 Bxc3+ 9. Qxc3 O-O 10. e3 b6 11. Qa3 Bb7 12. Rd1 Nc5 13. Be2 Qe7 14. O-O Rfd8
15. Ne5 h6 16. h3 a5 17. Rd4 Nfe4 18. cxd5 exd5 19. Rdd1 Qf6 20. Nf3 Re8 21. Rc1
Re7 22. Bh2 Qg6 23. b3 Rae8 24. Qb2 Ng5 25. Nxg5 Qxg5 26. Bf4 Qg6 27. Qc2 Qf6
28. Bb5 Rd8 29. Rfd1 Ne6 30. Bg3 d4 31. Qb2 Qg5 32. Bc4 dxe3 33. Kh2 Red7 34.
Rxd7 Rxd7 35. Bxe6 fxe6 36. fxe3 Qxe3 37. Rc2 Rd1 38. Rf2 Qe4 39. Be5 Qe1 40.
Qc3 Qg1+ 41. Kg3 Be4 42. Qc8+ Kh7 43. Re2 Bxg2 44. Qc7 Bd5+ 0-1

[Event "World Rapid 2022"]
[Site "Almaty KAZ"]
[Date "2022.12.28"]
[Round "11.57"]
[White "Petrov, Nikita"]
[Black "Demchenko, Anton"]
[Result "1/2-1/2"]
[WhiteTitle "GM"]
[BlackTitle "GM"]
[WhiteElo "2537"]
[BlackElo "2632"]
[WhiteFideId "4101286"]
[BlackFideId "4160258"]
[EventDate "2022.12.26"]

1. d4 Nf6 2. Bg5 g6 3. Bxf6 exf6 4. c4 d5 5. cxd5 Qxd5 6. Nc3 Qd8 7. g3 Nd7 8.
Bg2 Bd6 9. e3 f5 10. Nge2 Nf6 11. Nf4 c6 12. Qb3 O-O 13. O-O Rb8 14. Rfd1 Bd7
15. Rac1 Re8 16. a3 Kg7 17. Qc4 a5 18. b4 axb4 19. axb4 Qe7 20. b5 Rec8 21. bxc6
bxc6 22. Rb1 Bxf4 23. gxf4 Be6 24. Qd3 Qa3 25. Ra1 Qe7 1/2-1/2

[Event "World Rapid 2022"]
[Site "Almaty KAZ"]
[Date "2022.12.28"]
[Round "11.58"]
[White "Makhnev, Denis"]
[Black "Ghaem Maghami, Ehsan"]
[Result "1-0"]
[WhiteTitle "GM"]
[BlackTitle "GM"]
[WhiteElo "2481"]
[BlackElo "2490"]
[WhiteFideId "13707647"]
[BlackFideId "12500739"]
[EventDate "2022.12.26"]

1. d4 Nf6 2. c4 e6 3. g3 c5 4. d5 exd5 5. cxd5 g6 6. Nc3 d6 7. Bg2 Bg7 8. Nf3
O-O 9. O-O Re8 10. Bf4 a6 11. a4 h6 12. Qc1 Kh7 13. Re1 Bf5 14. Nh4 Bc8 15. Qc2
Kg8 16. Nf3 Bg4 17. h3 Bxf3 18. exf3 Qc7 19. Rxe8+ Nxe8 20. Bd2 Nd7 21. f4 c4
22. Nd1 Rc8 23. a5 Qc5 24. Ra4 Bd4 25. Ne3 b5 26. axb6 Qxb6 27. Ba5 Qxb2 28.
Qxb2 Bxb2 29. Nxc4 Nc5 30. Rb4 Bc3 31. Rb6 Bxa5 32. Nxa5 Kf8 33. Bf1 Rc7 34. Kg2
f5 35. Bc4 Kf7 36. g4 Kf6 37. f3 fxg4 38. fxg4 g5 39. Kf3 Kg7 40. Nc6 gxf4 41.
Bxa6 Nxa6 42. Rxa6 Nf6 43. Nd4 Rc3+ 44. Kxf4 Rc4 45. Kf5 Nxd5 46. Ra7+ Kg8 47.
Ne6 h5 48. Kg6 Rc8 49. Rg7+ Kh8 50. Rh7+ Kg8 51. Rxh5 Ne7+ 52. Kf6 Nc6 53. Rg5+
Kh8 54. Rh5+ Kg8 55. Rd5 Ne5 56. Rxd6 Nf7 57. Rd7 Rc3 58. Nf4 Rc6+ 59. Kf5 Nh6+
60. Kg5 Nf7+ 61. Kh4 Rc4 62. Ng6 Rc3 63. Ra7 Re3 64. Ne7+ Kf8 65. Nf5 Re5 66.
Ra8+ Re8 67. Rxe8+ Kxe8 68. g5 Ne5 69. Kh5 Kf7 70. Kh6 Ke6 71. g6 Nd7 72. g7 Kf7
73. Kh7 Nf6+ 74. Kh8 Kg6 75. Ne7+ Kf7 76. Nd5 Ng8 77. Kh7 1-0

[Event "World Rapid 2022"]
[Site "Almaty KAZ"]
[Date "2022.12.28"]
[Round "11.59"]
[White "Urazayev, Arystanbek"]
[Black "Batsuren, Dambasuren"]
[Result "1-0"]
[WhiteTitle "IM"]
[BlackTitle "GM"]
[WhiteElo "2465"]
[BlackElo "2525"]
[WhiteFideId "13709810"]
[BlackFideId "4902920"]
[EventDate "2022.12.26"]

1. d4 Nf6 2. c4 e6 3. Nc3 Bb4 4. Nf3 O-O 5. e3 d5 6. Bd2 b6 7. Rc1 Bb7 8. cxd5
exd5 9. Bd3 Re8 10. O-O Nbd7 11. Nb5 Bxd2 12. Nxd2 Ba6 13. Qa4 Bxb5 14. Bxb5 c5
15. dxc5 Nxc5 16. Qh4 Re7 17. Rfd1 a6 18. Bf1 Ne6 19. Nf3 Rc7 20. Nd4 Nxd4 21.
Qxd4 Qd6 22. h3 a5 23. Rc3 Rac8 24. e4 Rxc3 25. bxc3 Qc5 26. e5 Ne8 27. Qxd5
Qxc3 28. e6 fxe6 29. Qxe6+ Kh8 30. Qxb6 h6 31. Rd8 Rxd8 32. Qxd8 Qe5 33. Bd3
Qe1+ 34. Kh2 Qe5+ 35. g3 Qe1 1-0

[Event "World Rapid 2022"]
[Site "Almaty KAZ"]
[Date "2022.12.28"]
[Round "11.60"]
[White "Idani, Pouya"]
[Black "Madaminov, Mukhiddin"]
[Result "0-1"]
[WhiteTitle "GM"]
[BlackTitle "IM"]
[WhiteElo "2637"]
[BlackElo "2438"]
[WhiteFideId "12510130"]
[BlackFideId "14210703"]
[EventDate "2022.12.26"]

1. e4 e5 2. Nf3 Nc6 3. Bb5 a6 4. Bxc6 dxc6 5. Nc3 f6 6. d4 exd4 7. Qxd4 Qxd4 8.
Nxd4 c5 9. Nde2 Be6 10. Nf4 Bf7 11. Nfd5 Bd6 12. Bf4 Bxf4 13. Nxf4 O-O-O 14. Rd1
Ne7 15. Rd2 Nc6 16. Kd1 Ne5 17. Rxd8+ Rxd8+ 18. Kc1 b5 19. Rd1 Rd4 20. Nfe2
Rxd1+ 21. Nxd1 Kd7 22. Ne3 b4 23. a3 a5 24. f4 Nc6 25. Kd2 Nd4 26. Kd3 Nb5 27.
c4 Nd6 28. a4 Ke6 29. g4 g5 30. f5+ Ke5 31. Ng3 c6 32. b3 Kf4 33. Ng2+ Kxg4 34.
Ke3 Kh3 35. Kf2 Bxc4 36. bxc4 b3 0-1

[Event "World Rapid 2022"]
[Site "Almaty KAZ"]
[Date "2022.12.28"]
[Round "11.61"]
[White "Pantsulaia, Levan"]
[Black "Khusnutdinov, Rustam"]
[Result "1-0"]
[WhiteTitle "GM"]
[BlackTitle "GM"]
[WhiteElo "2597"]
[BlackElo "2441"]
[WhiteFideId "13602071"]
[BlackFideId "13701703"]
[EventDate "2022.12.26"]

1. Nf3 d5 2. c4 d4 3. b4 g5 4. Qb3 Bg7 5. Nxg5 e5 6. Qg3 Qe7 7. d3 f6 8. Nf3
Qxb4+ 9. Nbd2 Qe7 10. e4 Nc6 11. Be2 Qf7 12. Nh4 Nge7 13. Bg4 Bxg4 14. Qxg4 Bh6
15. Rb1 b6 16. Ba3 Rg8 17. Qh3 Qh5 18. Ndf3 Qg4 19. Qxg4 Rxg4 20. h3 Rg8 21. Nh2
a5 22. Bxe7 Nxe7 23. Ke2 Kd7 24. Rb5 Rgb8 25. Rhb1 Rb7 26. Nf1 Bg5 27. Nf3 Bf4
28. g3 Bh6 29. N3h2 Nc8 30. Ng4 Bg7 31. Nd2 Nd6 32. R5b2 Rab8 33. a4 c6 34. f4
h5 35. Nh2 f5 36. Nhf3 exf4 37. e5 Ne8 38. gxf4 Bh6 39. Nxd4 Bxf4 40. N2f3 c5
41. Nb3 Kc6 42. d4 cxd4 43. Nbxd4+ Kd7 44. c5 Rc7 45. Rxb6 Rbc8 46. Ne6 1-0

[Event "World Rapid 2022"]
[Site "Almaty KAZ"]
[Date "2022.12.28"]
[Round "11.62"]
[White "Suyarov, Mukhammadzokhid"]
[Black "Lintchevski, Daniil"]
[Result "1-0"]
[WhiteTitle "FM"]
[BlackTitle "GM"]
[WhiteElo "2299"]
[BlackElo "2548"]
[WhiteFideId "14210495"]
[BlackFideId "4171055"]
[EventDate "2022.12.26"]

1. d4 d5 2. Nc3 Nf6 3. Bf4 c5 4. e4 Nxe4 5. Nxe4 dxe4 6. dxc5 Qa5+ 7. c3 Qxc5 8.
Qa4+ Nc6 9. Qxe4 g6 10. Nf3 Bg7 11. Qe3 Qxe3+ 12. Bxe3 a6 13. O-O-O O-O 14. Bc4
Bf5 15. Nd4 Nxd4 16. Bxd4 Bh6+ 17. Be3 Bxe3+ 18. fxe3 Rac8 19. Be2 Be4 20. Bf3
Bxf3 21. gxf3 Rc7 22. Rd5 f6 23. Rhd1 Kf7 24. Kc2 Rfc8 25. a4 h5 26. f4 Rc4 27.
Kb3 Re4 28. R1d3 Ke6 29. Rd7 Rxe3 30. Rxe7+ Kxe7 31. Rxe3+ Kf7 32. Kb4 g5 33.
fxg5 fxg5 34. Ka5 Rc6 35. b4 g4 36. h3 Rg6 37. hxg4 hxg4 38. Rg3 Ke7 39. c4 Kd7
40. b5 axb5 41. axb5 b6+ 42. Ka6 Kc7 43. Ka7 Rg7 44. Ka6 Rg8 45. Ka7 Rg6 46. Ka6
Kb8 47. c5 bxc5+ 48. b6 Rg5 49. Re3 Rg8 50. Re7 g3 51. Rb7+ Kc8 52. Ka7 Rg6 53.
Rc7+ Kd8 54. b7 Kxc7 55. b8=Q+ Kd7 56. Qe5 c4 57. Qf5+ Re6 58. Qd5+ Ke7 59. Qg5+
Kd6 60. Kb6 c3 61. Qxg3+ Kd5+ 62. Kb5 Kd4 63. Qg4+ Re4 64. Qd1+ Ke3 65. Qc2 Kd4
66. Kb4 Re3 67. Qf5 Re4 68. Qc5+ Kd3+ 69. Kb3 Re3 70. Qd5+ Ke2 71. Kc2 Rf3 72.
Qd4 Ke1 73. Qe4+ Kf2 74. Kd1 Kg3 75. Ke2 Rf2+ 76. Ke3 Rf1 77. Qg6+ Kh2 78. Ke2
Rf4 1-0

[Event "World Rapid 2022"]
[Site "Almaty KAZ"]
[Date "2022.12.28"]
[Round "11.63"]
[White "Gadimbayli, Abdulla"]
[Black "Riazantsev, Alexander"]
[Result "1-0"]
[WhiteTitle "GM"]
[BlackTitle "GM"]
[WhiteElo "2524"]
[BlackElo "2626"]
[WhiteFideId "13404938"]
[BlackFideId "4125029"]
[EventDate "2022.12.26"]

1. e4 e5 2. Nf3 Nc6 3. Nc3 Nf6 4. d4 exd4 5. Nxd4 Bb4 6. Nxc6 bxc6 7. Bd3 d5 8.
exd5 O-O 9. O-O cxd5 10. Bg5 Be6 11. Nb5 c5 12. a3 Ba5 13. b4 Bb6 14. c3 h6 15.
Bf4 Qd7 16. bxc5 Bxc5 17. Nc7 Rac8 18. Nxe6 Qxe6 19. Qf3 Rfe8 20. Bxh6 gxh6 21.
Bf5 Qd6 22. Bxc8 Rxc8 23. Qh3 Nd7 24. Rad1 Re8 25. Qg4+ Kf8 26. Qf5 Nf6 27. h3
Bxa3 28. Rd3 Bc5 29. Rf3 Re5 30. Qxf6 Qxf6 31. Rxf6 Kg7 32. Rf3 d4 33. cxd4 Bxd4
34. Rd1 Re4 35. g3 a5 36. Kf1 a4 37. Re1 Rxe1+ 38. Kxe1 Bb2 39. Rf4 a3 40. Ra4
h5 41. Ke2 Kf6 42. Kd3 Ke5 43. Ra5+ Kf6 44. f4 Kg6 45. Rg5+ Kh6 46. Ra5 f5 47.
Kc2 Kg6 48. Ra6+ Kg7 49. Ra5 Kg6 50. Kb3 Bc1 51. Ra6+ Kg7 52. Rxa3 h4 53. Ra7+
Kg6 54. gxh4 Bxf4 55. Kc2 Bg3 56. Ra4 Kh5 57. Kd3 Bxh4 58. Ke3 Bg3 59. Kf3 Bd6
60. Ra6 Bc7 61. Rc6 Bb8 62. Rc5 Kg5 63. Rc8 Bd6 64. Rg8+ Kh5 65. Ke3 Be5 66. Re8
Bh2 67. Kf3 Kg5 68. Rg8+ Kh5 69. Rc8 Kg5 70. h4+ Kh5 71. Rh8+ Kg6 72. Rg8+ Kh5
73. Rh8+ Kg6 74. h5+ Kg7 75. Re8 Kh6 76. Rf8 Kg5 77. h6 Kg6 78. Re8 Kh7 79. Re6
Bb8 80. Re8 Bh2 81. Re6 Bb8 82. Ke3 Bg3 83. Ra6 Be5 84. Kf3 Bb8 85. Rc6 Bh2 86.
Rb6 Be5 87. Rb5 Bc3 88. Kf4 Kxh6 89. Kxf5 Kg7 90. Rb7+ Kf8 91. Ke6 Bd4 92. Rd7
Bc3 93. Rf7+ Kg8 94. Rc7 Bd4 95. Rc4 Bb2 96. Rg4+ Kf8 97. Rg3 Bd4 98. Rf3+ Kg7
99. Rf7+ Kg6 100. Rf4 Be3 101. Rg4+ Kh5 102. Kf5 Kh6 103. Rg6+ Kh7 104. Kf6 Bd4+
105. Kf7 Ba7 106. Ra6 Bb8 107. Rb6 Ba7 108. Rb7 Bd4 109. Rb4 Bf2 110. Rf4 Be1
111. Rf1 Bd2 112. Rh1+ Bh6 113. Rh2 1-0

[Event "World Rapid 2022"]
[Site "Almaty KAZ"]
[Date "2022.12.28"]
[Round "11.64"]
[White "Arjun, Kalyan"]
[Black "Vakhidov, Jakhongir"]
[Result "1-0"]
[WhiteTitle "GM"]
[BlackTitle "GM"]
[WhiteElo "2505"]
[BlackElo "2607"]
[WhiteFideId "35018701"]
[BlackFideId "14201801"]
[EventDate "2022.12.26"]

1. e4 c5 2. Nf3 g6 3. d4 cxd4 4. Nxd4 Bg7 5. c4 Nc6 6. Be3 Qb6 7. Nb3 Qd8 8. Nc3
Bxc3+ 9. bxc3 Nf6 10. f3 d6 11. Qd2 Be6 12. Nd4 Qc8 13. Rb1 Nd8 14. Nxe6 Nxe6
15. Be2 Nd7 16. h4 h5 17. Bd4 Rg8 18. f4 Nec5 19. Bf3 Qc7 20. O-O e5 21. Be3
exf4 22. Bxf4 Ne5 23. Qd5 O-O-O 24. Be2 Rd7 25. Be3 Re8 26. Rf6 Qc6 27. Bxc5
Qxc5+ 28. Kh1 Ree7 29. Rd1 Qe3 30. Rd2 Re6 31. Rxe6 fxe6 32. Qd4 Qg3 33. Rd1 b6
34. Kg1 Kc7 35. a4 Nc6 36. Qd2 Rf7 37. Bf1 Rd7 38. c5 bxc5 39. Bb5 Ne5 40. Be2
Qxh4 41. Qb2 Qxe4 42. Rb1 Kd8 43. Qb8+ Ke7 44. Rf1 Rd8 45. Qxa7+ Nd7 46. Bb5 Qa8
47. Qc7 Qc8 48. Qa5 Qa8 49. Qc7 Qb8 50. Qc6 d5 51. c4 d4 52. Qe4 Qe5 53. Qxg6
Kd6 54. Kh1 h4 55. Bxd7 Rxd7 56. Qe8 Qg7 57. Qb8+ Rc7 58. a5 h3 59. gxh3 Qh7 60.
Kh2 Qc2+ 61. Kg1 Qg6+ 62. Kh2 Qc2+ 63. Kg1 Qxc4 64. Qb6+ Rc6 65. Qd8+ Ke5 66.
Re1+ Kf5 67. Qf8+ Kg6 68. Qe8+ Kf5 69. Qxc6 d3 70. Qf3+ Kg5 71. Qe3+ Kf6 72. Rd1
e5 73. Rxd3 Qg8+ 74. Kh2 Qa2+ 75. Qd2 Qa4 76. Qh6+ Kf7 77. Rf3+ Ke7 78. Qf8+ 1-0

[Event "World Rapid 2022"]
[Site "Almaty KAZ"]
[Date "2022.12.28"]
[Round "11.65"]
[White "Christiansen, Johan-Sebastian"]
[Black "Burmakin, Vladimir"]
[Result "1-0"]
[WhiteTitle "GM"]
[BlackTitle "GM"]
[WhiteElo "2578"]
[BlackElo "2498"]
[WhiteFideId "1512668"]
[BlackFideId "4105109"]
[EventDate "2022.12.26"]

1. Nf3 d5 2. c4 c6 3. g3 Nf6 4. Bg2 Bf5 5. O-O e6 6. cxd5 exd5 7. d3 Be7 8. Nc3
Nbd7 9. e4 dxe4 10. dxe4 Bg4 11. e5 Bxf3 12. Qxf3 Nxe5 13. Qe2 Ng6 14. f4 O-O
15. f5 Bc5+ 16. Kh1 Ne7 17. g4 Ned5 18. g5 Nxc3 19. bxc3 Nd5 20. c4 Nb4 21. Bb2
Qxg5 22. Rg1 Qh6 23. Bd5 Bxg1 24. Rxg1 cxd5 25. Qh5 Qg6 26. fxg6 hxg6 27. Qe5 f6
28. Qe6+ Rf7 29. Rxg6 1-0

[Event "World Rapid 2022"]
[Site "Almaty KAZ"]
[Date "2022.12.28"]
[Round "11.66"]
[White "Kadric, Denis"]
[Black "Petkov, Momchil"]
[Result "1-0"]
[WhiteTitle "GM"]
[BlackTitle "GM"]
[WhiteElo "2584"]
[BlackElo "2531"]
[WhiteFideId "14403803"]
[BlackFideId "2921642"]
[EventDate "2022.12.26"]

1. e4 e5 2. Nf3 Nc6 3. Bc4 Nf6 4. d3 Be7 5. O-O O-O 6. a4 a5 7. Nc3 d6 8. h3 Be6
9. Nd5 Bxd5 10. exd5 Nb4 11. d4 e4 12. Nd2 c6 13. dxc6 bxc6 14. c3 d5 15. Be2
Na6 16. f3 exf3 17. Nxf3 Ne4 18. Bd3 f5 19. Ne5 Qe8 20. Bf4 Nc7 21. Bh2 Ne6 22.
Kh1 Bh4 23. Bxe4 dxe4 24. Qe2 Kh8 25. g4 Ng5 26. gxf5 Nxh3 27. Qxe4 Nf2+ 28.
Rxf2 Bxf2 29. Rf1 Bxd4 30. cxd4 Rb8 31. Rf2 Rb4 32. Qh4 Kg8 33. Qg4 Rf6 34. Rg2
Qe7 35. Qh4 Rxa4 36. Ng4 Ra1+ 37. Bg1 Kf7 38. Qxh7 Rd6 39. Ne5+ Ke8 40. Rxg7 1-0

[Event "World Rapid 2022"]
[Site "Almaty KAZ"]
[Date "2022.12.28"]
[Round "11.67"]
[White "Alonso Rosell, Alvar"]
[Black "Agmanov, Zhandos"]
[Result "1/2-1/2"]
[WhiteTitle "GM"]
[BlackTitle "IM"]
[WhiteElo "2561"]
[BlackElo "2442"]
[WhiteFideId "2270544"]
[BlackFideId "13708309"]
[EventDate "2022.12.26"]

1. d4 Nf6 2. c4 e6 3. Nf3 d5 4. g3 Bb4+ 5. Nc3 O-O 6. Bg2 dxc4 7. O-O Nc6 8. a3
Be7 9. e4 Rb8 10. Be3 Na5 11. Qe2 b5 12. Rad1 c6 13. Bf4 Rb6 14. Ne5 Bb7 15.
Rfe1 Nb3 16. d5 cxd5 17. exd5 Qa8 18. Ng4 Nxg4 19. Qxg4 Bf6 20. Be3 Bxc3 21.
bxc3 f5 22. Qf4 Ra6 23. Qe5 exd5 24. Rxd5 Re8 25. Qxf5 Rf6 26. Qh5 Kh8 27. Rd7
Bxg2 28. Rxa7 Qc6 29. Ra6 Qc8 30. Rxf6 gxf6 31. Kxg2 Qc6+ 32. f3 Nc5 33. Bd2
Rxe1 34. Bxe1 Nd3 35. Bf2 Qe6 36. Bd4 Kg7 37. Qg5+ Kf7 38. Qh5+ Kg7 39. Qxb5
Qe2+ 40. Kg1 Qd1+ 41. Kg2 Qe2+ 42. Kg1 Qd1+ 43. Kg2 Qe2+ 44. Kh3 Qxf3 45. Qd7+
Kh6 46. Qg4 Qf1+ 47. Kh4 1/2-1/2

[Event "World Rapid 2022"]
[Site "Almaty KAZ"]
[Date "2022.12.28"]
[Round "11.68"]
[White "Munkhdalai, Amilal"]
[Black "Makarian, Rudik"]
[Result "0-1"]
[WhiteTitle "FM"]
[BlackTitle "IM"]
[WhiteElo "2142"]
[BlackElo "2554"]
[WhiteFideId "4903250"]
[BlackFideId "44105681"]
[EventDate "2022.12.26"]

1. e4 d6 2. d4 Nf6 3. Nc3 e5 4. Nf3 Nbd7 5. Bc4 Be7 6. O-O O-O 7. h3 c6 8. a4
Re8 9. Re1 h6 10. Be3 Qc7 11. Bb3 Nf8 12. Qd2 Be6 13. Bxe6 Nxe6 14. Rad1 Rad8
15. Qe2 a5 16. d5 Nf8 17. Qc4 Rc8 18. Re2 N6h7 19. Qb3 Nd7 20. Red2 Bf8 21. Nh4
Nhf6 22. dxc6 bxc6 23. Nf5 Re6 24. Qc4 Qb8 25. Qb3 Qc7 26. Qc4 Kh7 27. f4 g6 28.
Nxd6 Rxd6 29. Qxf7+ Kh8 30. fxe5 Rxd2 31. Rxd2 Qxe5 32. Qxg6 Rb8 33. Kh1 Bg7 34.
Bxh6 Rg8 35. Rf2 Bf8 0-1

[Event "World Rapid 2022"]
[Site "Almaty KAZ"]
[Date "2022.12.28"]
[Round "11.69"]
[White "Aleksandrov, Aleksej"]
[Black "Zhalmakhanov, Ramazan"]
[Result "0-1"]
[WhiteTitle "GM"]
[BlackTitle "IM"]
[WhiteElo "2495"]
[BlackElo "2401"]
[WhiteFideId "13500139"]
[BlackFideId "13706357"]
[EventDate "2022.12.26"]

1. d4 d5 2. c4 e6 3. Nc3 c5 4. cxd5 exd5 5. Nf3 Nc6 6. e3 Nf6 7. Bb5 cxd4 8.
Nxd4 Bd7 9. O-O Bd6 10. Nf3 a6 11. Be2 Bf5 12. b3 O-O 13. Bb2 Re8 14. g3 Bc7 15.
Rc1 Rc8 16. Na4 Bh3 17. Re1 Ba5 18. Bc3 Ne4 19. Bxa5 Qxa5 20. Nd4 Ne5 21. Rxc8
Rxc8 22. Qa1 b5 23. Nb2 Qc3 24. a4 Ng4 25. Nd3 bxa4 26. bxa4 Qd2 27. Rd1 Qa5 28.
Bxg4 Bxg4 29. f3 Nc3 30. fxg4 Nxd1 31. Qxd1 Rc4 32. Ne5 Rxa4 33. Kg2 Ra2+ 34.
Kh3 Qd2 35. Qg1 h6 36. Nf5 f6 37. Nf3 Qf2 38. Qh1 Kf8 39. N5h4 Qc2 40. Nd4 Qe4
41. Qc1 Kg8 42. Qc7 Qd3 43. Qc1 Kh7 44. Nhf3 a5 45. Nh4 a4 46. Ng2 a3 47. Nf4
Qe4 48. Nfe2 Rb2 49. Qc3 Qb1 50. Qc7 Qf1+ 51. Kh4 Rxe2 52. h3 Rh2 0-1

[Event "World Rapid 2022"]
[Site "Almaty KAZ"]
[Date "2022.12.28"]
[Round "11.70"]
[White "Gurel, Ediz"]
[Black "Hambleton, Aman"]
[Result "0-1"]
[WhiteTitle "IM"]
[BlackTitle "GM"]
[WhiteElo "2454"]
[BlackElo "2437"]
[WhiteFideId "44507356"]
[BlackFideId "2606577"]
[EventDate "2022.12.26"]

1. e4 b6 2. d4 Bb7 3. Bd3 e6 4. Nf3 d5 5. e5 Ba6 6. Bxa6 Nxa6 7. c4 Nb4 8. Qa4+
Qd7 9. Qb3 dxc4 10. Qxc4 Qd5 11. Qe2 Ne7 12. O-O Qd7 13. Nc3 Nbd5 14. Bd2 Nxc3
15. bxc3 Nf5 16. Rad1 Be7 17. g4 Nh6 18. c4 O-O-O 19. Qe4 Kb8 20. Be3 Qa4 21.
Rc1 Ng8 22. Rfd1 Ba3 23. Rc2 Ne7 24. Ng5 Rdf8 25. Qd3 h6 26. Ne4 Rd8 27. Nc3 Qa6
28. Nb5 Bb4 29. Rb1 Ba5 30. Qa3 Rd7 31. Bd2 Nc6 32. d5 exd5 33. cxd5 Rxd5 34.
Nxc7 Kxc7 35. Bxa5 Kb7 36. Qf3 Rhd8 37. Bc3 R8d7 38. Rbc1 Qd3 39. Qxd3 Rxd3 40.
Kg2 Nd8 41. Bb4 Ne6 42. Bd6 f6 43. Rc4 g5 44. Kf1 Rd5 45. Re1 fxe5 46. Bxe5 Nc5
47. Re3 Rd1+ 48. Kg2 R1d2 49. a4 Rf7 50. Bg3 Nd3 51. Kf1 Nxf2 52. Ke1 Ra2 53.
Rd4 Nh3 54. Re2 Ra1+ 55. Kd2 Ng1 0-1